| 000 | 00495nam a2200193Ia 4500 | ||
|---|---|---|---|
| 003 | OSt | ||
| 005 | 20250825145543.0 | ||
| 008 | 250729s2005 xx 000 0 und d | ||
| 020 | _a9788186804933 | ||
| 040 | _cAL | ||
| 041 | _aeng | ||
| 082 | _a378.71 NAMV | ||
| 100 |
_aNambiar Vijayan _9222169 |
||
| 245 | _aVocational studies and productive work in education | ||
| 260 |
_aNew Delhi _bNeelkamal Publication _c2005 |
||
| 300 | _a258p | ||
| 650 |
_aEducation _9222170 |
||
| 942 |
_2ddc _cBED |
||
| 999 |
_c235334 _d235334 |
||